| 000 | 00611nam a2200193 a 4500 | ||
|---|---|---|---|
| 001 | 59986 | ||
| 005 | 20180714061106.0 | ||
| 008 | 140415s2012 mx 000 0 spa d | ||
| 020 | _a9786074016505 | ||
| 041 | _aspa | ||
| 082 |
_a616.462 _bBAL |
||
| 100 | 1 | _aBALCAZAR NAVA, PATRICIA | |
| 245 | 1 | 0 | _aDIABETES Y PSICOLOGIA DE LA SALUD |
| 250 | _a1a ed. | ||
| 260 |
_aMEXICO : _bCONSORCIO DE UNIVERSIDADES MEXICANAS, _c2012 |
||
| 300 | _a118 | ||
| 650 | 1 | 4 | _aDIABETES ASPECTOS PSICOLOGICOS, PSICOLOGIA DE LA SALUD |
| 700 | 1 |
_aGURROLA PEÑA, GLORIA MARGARITA, MOYSEN CHIMAL, ALEJANDRA _ecoaut. |
|
| 999 |
_c59986 _d59986 |
||